Female reproductive tactics in a sex-role reversed pipefish : Scanning for male quality and number /
Αποθηκεύτηκε σε:
| Άλλοι συγγραφείς: | , , , |
|---|---|
| Μορφή: | Άρθρο |
| Γλώσσα: | English |
| Θέματα: | |
| Ετικέτες: |
Προσθήκη ετικέτας
Δεν υπάρχουν, Καταχωρήστε ετικέτα πρώτοι!
|
| Thư viện lưu trữ: | Thư viện Trường Đại học Đà Lạt |
|---|
| LEADER | 00952nam a2200325 4500 | ||
|---|---|---|---|
| 001 | DLU090097948 | ||
| 005 | ##20091201 | ||
| 040 | # | # | |a DLU |b eng |
| 041 | # | # | |a eng |
| 044 | # | # | |a uk |
| 245 | # | # | |a Female reproductive tactics in a sex-role reversed pipefish : Scanning for male quality and number / |c K. Silva ... [et al.]. |
| 653 | # | # | |a Egg allocation |
| 653 | # | # | |a Female mate choice |
| 653 | # | # | |a Mate quality |
| 653 | # | # | |a Pipefish |
| 653 | # | # | |a Serial mating |
| 700 | # | # | |a Almada, V. C. |
| 700 | # | # | |a Monteiro, N. M. |
| 700 | # | # | |a Silva, K. |
| 700 | # | # | |a Vieira, M. N. |
| 773 | # | # | |t Behavioral ecology |g Vol. 20, no. 4 (July-August 2009), p. 768-772 |
| 920 | # | # | |a Phòng Tạp chí -- Trung tâm Thông tin - Thư viện Trường Đại học Đà Lạt |
| 994 | # | # | |a DLU |
| 900 | # | # | |a True |
| 911 | # | # | |a Trương Bảo Trâm Anh |
| 925 | # | # | |a G |
| 926 | # | # | |a A |
| 927 | # | # | |a BB |
| 980 | # | # | |a Thư viện Trường Đại học Đà Lạt |